000 00411cam a22001337a 4500
008 180718b1971 xxu||||| |||| 00| 0 eng d
082 _aN4x5452 T152
100 _aTamil Nadu. Police Commission
245 _aReport of the Tamil Nadu Police Commission
260 _aMadras
_bThe author
_c1971
300 _a3v.
500 _aContents: v.1. 236+p.;v.2. 369+p.;v.3. 577+p.
700 _aGopalaswami, R.A. (Chairman)
999 _c489502
_d489502